[Event "Kup Centralne Srbije 2013"]
[Site "Vrnjacka Banja"]
[Date "2013.04.27"]
[Round "7.8"]
[White "Jocovic, Slobodan"]
[Black "Velickovic, Dusan"]
[Result "1-0"]
[WhiteElo "2063"]
[BlackElo "1991"]
[PlyCount "67"]
[EventDate "2013.03.24"]

1. d4 d5 2. c4 e6 3. Nc3 Nf6 4. Nf3 c6 5. e3 Bd6 6. Bd3 Nbd7 7. O-O O-O 8. b3
Re8 9. Bb2 dxc4 10. bxc4 e5 11. Qc2 Qe7 12. Ng5 h6 13. Nge4 Bc7 14. d5 cxd5 15.
cxd5 Nxe4 16. Bxe4 Qc5 17. Ba3 Qc4 18. Bd3 Qh4 19. g3 Qh5 20. d6 Bd8 21. Nd5
Nb6 22. Ne7+ Bxe7 23. dxe7 Bd7 24. Be4 Rac8 25. Qd3 Bc6 26. Rfc1 Qg4 27. Rxc6
bxc6 28. Bf5 e4 29. Bxc8 Qxc8 30. Qxe4 f5 31. Qd4 Qd7 32. Rc1 Nd5 33. Qc4 Rc8
34. Rd1 1-0

[Event "Kup Centralne Srbije 2013"]
[Site "Vrnjacka Banja"]
[Date "2013.04.27"]
[Round "7.9"]
[White "Zivkovic, Ivan B"]
[Black "Radovanovic, Miroljub B"]
[Result "1-0"]
[WhiteElo "2339"]
[BlackElo "1969"]
[PlyCount "73"]
[EventDate "2013.03.24"]

1. e4 c5 2. Nc3 Nc6 3. f4 g6 4. Nf3 Bg7 5. Bb5 Nd4 6. O-O a6 7. Bc4 e6 8. d3
Ne7 9. Nxd4 Bxd4+ 10. Kh1 Bg7 11. Qe1 O-O 12. f5 gxf5 13. Bg5 f6 14. Be3 d5 15.
exd5 exd5 16. Bxc5 Re8 17. Bxe7 Rxe7 18. Bxd5+ Kh8 19. Qg3 Re5 20. Rae1 Bd7 21.
d4 Rxe1 22. Rxe1 Bc6 23. Qf3 Qd7 24. Bxc6 bxc6 25. Rd1 Rb8 26. b3 Re8 27. d5 c5
28. Na4 Bf8 29. g3 Re5 30. Nb6 Qe8 31. Nc4 Re1+ 32. Rxe1 Qxe1+ 33. Kg2 Qe4 34.
Qxe4 fxe4 35. Kf2 f5 36. d6 Kg7 37. d7 1-0

[Event "Kup Centralne Srbije 2013"]
[Site "Vrnjacka Banja"]
[Date "2013.04.27"]
[Round "7.9"]
[White "Vujovic, Dragisa"]
[Black "Zajic, Milun"]
[Result "0-1"]
[WhiteElo "2109"]
[BlackElo "1913"]
[PlyCount "82"]
[EventDate "2013.03.24"]

1. f4 d5 2. Nf3 Nf6 3. e3 c5 4. d4 Bg4 5. Be2 e6 6. O-O Nbd7 7. c3 Be7 8. Nbd2
a6 9. h3 Bxf3 10. Nxf3 Ne4 11. Bd3 f5 12. a4 c4 13. Bc2 Ndf6 14. Nd2 Nxd2 15.
Bxd2 b6 16. g4 g6 17. Rf2 Bd6 18. Rg2 Qe7 19. Qe1 Qf7 20. Qh4 Be7 21. Qf2 Kd7
22. b3 Rhc8 23. b4 h6 24. Kf1 Rh8 25. Ke2 Raf8 26. a5 b5 27. Rag1 Ne4 28. Bxe4
fxe4 29. Rf1 Qg7 30. Be1 g5 31. Qg1 Rf7 32. Bg3 Rhf8 33. Rgf2 Qg6 34. Qh2 h5
35. fxg5 Rf3 36. Bb8 Rc8 37. h4 hxg4 38. Bf4 Rh8 39. Rh1 Bxg5 40. Bxg5 g3 41.
Bf4 Rxf2+ 0-1

[Event "Kup Centralne Srbije 2013"]
[Site "Vrnjacka Banja"]
[Date "2013.04.27"]
[Round "7.10"]
[White "Stojiljkovic, Tamara"]
[Black "Bajevic, Branko"]
[Result "1/2-1/2"]
[WhiteElo "1774"]
[BlackElo "2144"]
[PlyCount "65"]
[EventDate "2013.03.24"]

1. e4 c6 2. d4 d5 3. Nd2 dxe4 4. Nxe4 Nd7 5. Ng5 Ngf6 6. Bd3 e6 7. N1f3 h6 8.
Ne4 Nxe4 9. Bxe4 Nf6 10. Qd3 Nxe4 11. Qxe4 Qd5 12. Qxd5 cxd5 13. Bf4 Be7 14.
O-O O-O 15. Rfe1 b5 16. a3 a5 17. c3 Bd7 18. Ne5 Be8 19. Re2 Rc8 20. Rae1 b4
21. axb4 axb4 22. Bd2 bxc3 23. bxc3 Ra8 24. f3 Bb5 25. Rf2 Ra2 26. Rb1 Ba4 27.
Be1 Rxf2 28. Kxf2 Bd6 29. g3 Rb8 30. Rxb8+ Bxb8 31. Ke3 f6 32. Nd3 e5 33. Bd2
1/2-1/2

[Event "Kup Centralne Srbije 2013"]
[Site "Vrnjacka Banja"]
[Date "2013.04.27"]
[Round "7.10"]
[White "Vujovic, Radojica"]
[Black "Pavlovic, Branka"]
[Result "1-0"]
[WhiteElo "2088"]
[BlackElo "1806"]
[PlyCount "61"]
[EventDate "2013.03.24"]

1. e4 c5 2. Nf3 d6 3. Bc4 e6 4. O-O Be7 5. c3 Nf6 6. Re1 O-O 7. Bb3 Nc6 8. d4
cxd4 9. cxd4 Bd7 10. Nbd2 Rc8 11. Nf1 Na5 12. Bc2 Qc7 13. Bd3 e5 14. Ne3 Rfd8
15. Bd2 b6 16. Bc3 exd4 17. Nxd4 Nb7 18. Nd5 Nxd5 19. exd5 Bf8 20. Rc1 Nc5 21.
Bc2 Re8 22. Qf3 g6 23. Nc6 f5 24. b4 Na6 25. Bb3 Qb7 26. Qd3 Rxe1+ 27. Rxe1 Re8
28. Rxe8 Bxe8 29. Nd8 Qe7 30. Ne6 Nxb4 31. Bxb4 1-0

[Event "Kup Centralne Srbije 2013"]
[Site "Vrnjacka Banja"]
[Date "2013.04.27"]
[Round "7.10"]
[White "Arandjelovic, Aleksandar Z"]
[Black "Lazic, Miodrag"]
[Result "1-0"]
[WhiteElo "2015"]
[BlackElo "2013"]
[PlyCount "79"]
[EventDate "2013.03.24"]

1. d4 Nf6 2. c4 g6 3. Nc3 d5 4. cxd5 Nxd5 5. e4 Nxc3 6. bxc3 Bg7 7. Nf3 O-O 8.
Be2 c5 9. Rb1 cxd4 10. cxd4 Qa5+ 11. Bd2 Qxa2 12. O-O Nc6 13. d5 Ne5 14. Nd4
Nc4 15. Bc3 Qa3 16. Nb5 Qc5 17. Bxg7 Kxg7 18. Qc2 a6 19. Qc3+ Kg8 20. Qxc4 Qxc4
21. Bxc4 axb5 22. Bxb5 Ra5 23. h3 Rd8 24. Rfc1 Kf8 25. Rc7 h6 26. f4 f6 27. Kf2
h5 28. Rb2 h4 29. Ke3 Ra3+ 30. Kd4 b6 31. Rbc2 Ba6 32. Ra7 Bxb5 33. Rxa3 Bd7
34. Rc7 e6 35. Raa7 Ke7 36. e5 exd5 37. Kxd5 fxe5 38. fxe5 Ke8 39. e6 Bb5+ 40.
Ke5 1-0

[Event "Kup Centralne Srbije 2013"]
[Site "Vrnjacka Banja"]
[Date "2013.04.27"]
[Round "7.10"]
[White "Merdovic, Miroljub"]
[Black "Todorovic, Sasa"]
[Result "1-0"]
[WhiteElo "2153"]
[BlackElo "1910"]
[PlyCount "75"]
[EventDate "2013.03.24"]

1. e4 d5 2. e5 c5 3. c4 d4 4. Nf3 Nc6 5. d3 Bg4 6. Bf4 e6 7. Be2 Bxf3 8. Bxf3
Nge7 9. Qe2 Qa5+ 10. Nd2 Ng6 11. Bg3 Qc7 12. Bxc6+ Qxc6 13. O-O h5 14. h3 Ne7
15. Ne4 Nf5 16. Bh2 Be7 17. a3 Nh4 18. Rfb1 Rh6 19. b4 b6 20. b5 Qb7 21. Bg3
Nf5 22. Qf3 O-O-O 23. Bf4 Rh7 24. a4 Rg8 25. a5 g5 26. axb6 axb6 27. Ra6 Nh4
28. Qg3 Nf5 29. Qh2 gxf4 30. Rba1 Kb8 31. Qxf4 Rhg7 32. g4 Bg5 33. Qf3 Nh4 34.
Qh1 Bf4 35. Ra8+ Qxa8 36. Rxa8+ Kxa8 37. Nd6+ Ng2 38. Qxg2+ 1-0